Problemy metodologii i praktiki netradicionnoj kriminalističeskoj identifikacii.

Uložené v:
Podrobná bibliografia
Hlavný autor: Sedova, Tamara Aleksejevna
Médium: Kniha
Jazyk:Slovak
Vydané: [Leningrad], 1986.
Vydanie:1. izdanije
Fyzický popis: 103 strán.
Tagy: Pridať tag
Žiadne tagy, Buďte prvý kto otaguje tento záznam!

MARC

LEADER 00000nam a22000002i 4500
001 000622708
005 20200331200927.0
008 190925s1986 xo e 000 0 slo d
020 |c Kčs 9,00  |q (brožované) 
040 |a SVKKK  |b slo  |c SVKKK  |e rda 
100 1 |a Sedova, Tamara Aleksejevna 
245 1 0 |a Problemy metodologii i praktiki netradicionnoj kriminalističeskoj identifikacii. 
250 |a 1. izdanije 
264 1 |a [Leningrad],  |c 1986. 
300 |a 103 strán. 
336 |a text  |b txt  |2 rdacontent 
337 |a bez média  |b n  |2 rdamedia 
338 |a zväzok  |b nc  |2 rdacarrier 
500 |a Záznam revízie 
910 |a svkkk 
998 |a BK 
090 |g SCKHL  |k Sklad Pribinova 2. posch.  |a III.137055  |j 739171  |i 2720673843  |4 Zastaraná  |s Vyradená